[Event "SpeedChess Final 2025"]
[Site "London ENG"]
[Date "2026.02.07"]
[Round "1.10"]
[White "Lazavik, Denis"]
[Black "Carlsen, Magnus"]
[Result "0-1"]
[WhiteTitle "GM"]
[BlackTitle "GM"]
[WhiteElo "2605"]
[BlackElo "2840"]
[WhiteFideId "13515110"]
[BlackFideId "1503014"]
[EventDate "2026.02.07"]
[EventType "k.o."]

1. d4 Nf6 2. c4 e6 3. Nf3 d5 4. g3 Bd6 5. Bg2 O-O 6. O-O Nc6 7. a3 a5 8. Qc2 a4
9. c5 Be7 10. Nc3 Bd7 11. Bf4 Nh5 12. Bd2 f5 13. Nxa4 g5 14. e3 g4 15. Ne1 Nxd4
16. exd4 Bxa4 17. b3 Bb5 18. Nd3 Nf6 19. a4 Bxd3 20. Qxd3 Qd7 21. a5 Ne4 22. b4
c6 23. Bf4 Bf6 24. Rab1 h5 25. Rfd1 h4 26. Qe3 Kf7 27. Bxe4 dxe4 28. Bd6 Rh8 29.
Rb2 Kg6 30. Rdb1 Qg7 31. Rd1 Rh5 32. Qb3 hxg3 33. Bxg3 Qd7 34. Ra2 Qd5 35. Qxd5
exd5 36. b5 cxb5 37. Rb1 Kg5 38. Bd6 Bxd4 39. Rxb5 e3 40. fxe3 Bxe3+ 41. Kf1 Rh7
42. Rab2 f4 43. Kg2 f3+ 44. Kf1 Kf5 45. R2b3 Ke4 46. Bg3 Rc8 47. R5b4+ d4 48.
Bd6 g3 49. Bxg3 Rxc5 50. Rxb7 Rc1+ 0-1

[Event "SpeedChess Final 2025"]
[Site "London ENG"]
[Date "2026.02.07"]
[Round "1.10"]
[White "Nakamura, Hikaru"]
[Black "Firouzja, Alireza"]
[Result "1/2-1/2"]
[WhiteTitle "GM"]
[BlackTitle "GM"]
[WhiteElo "2810"]
[BlackElo "2759"]
[WhiteFideId "2016192"]
[BlackFideId "12573981"]
[EventDate "2026.02.07"]
[EventType "k.o."]

1. d4 Nf6 2. c4 e6 3. Nf3 d5 4. g3 dxc4 5. Bg2 c5 6. O-O Nc6 7. dxc5 Qxd1 8.
Rxd1 Bxc5 9. Nbd2 c3 10. bxc3 O-O 11. Nb3 Be7 12. Nfd4 Nxd4 13. cxd4 Nd5 14. Bd2
f5 15. Na5 b6 16. Nc6 Bf6 17. Rdc1 Bb7 18. Ne5 Rac8 19. Nd7 Bxd4 20. Nxf8 Bxa1
21. Nxe6 Rxc1+ 22. Bxc1 Bf6 23. Nc7 Nc3 24. Bxb7 Nxe2+ 25. Kf1 Nxc1 26. Bd5+ Kf8
27. Bc4 Be5 28. Nd5 b5 29. Bxb5 Nxa2 30. Bc4 Nc3 31. Nxc3 Bxc3 32. Ke2 Bd4 33.
f4 a5 34. Bb3 Ke7 35. h3 Kd6 36. Kd3 Bb2 37. g4 Bc1 38. gxf5 Bxf4 39. Ke4 Bc1
40. Bg8 h6 41. h4 a4 42. h5 a3 43. Kd3 Ke5 44. Kc2 Bb2 45. Kb3 Kxf5 46. Bh7+ Ke5
47. Bg6 Kd4 48. Ka2 Kc3 49. Kb1 Kb3 50. Bf7+ Kb4 51. Bg6 Be5 52. Ka2 Ka4 53.
Be8+ Ka5 54. Bg6 Kb4 55. Kb1 Kb3 56. Bf7+ Kb4 57. Bg6 Kb3 58. Bf7+ Kb4 59. Bg6 1/2-1/2

[Event "SpeedChess Final 2025"]
[Site "London ENG"]
[Date "2026.02.07"]
[Round "1.11"]
[White "Carlsen, Magnus"]
[Black "Lazavik, Denis"]
[Result "1-0"]
[WhiteTitle "GM"]
[BlackTitle "GM"]
[WhiteElo "2840"]
[BlackElo "2605"]
[WhiteFideId "1503014"]
[BlackFideId "13515110"]
[EventDate "2026.02.07"]
[EventType "k.o."]

1. e4 e5 2. Nf3 Nc6 3. Bb5 a6 4. Ba4 Nf6 5. d3 b5 6. Bb3 Be7 7. a4 Rb8 8. axb5
axb5 9. O-O O-O 10. h3 d6 11. Re1 h6 12. Nc3 Nb4 13. Ne2 c5 14. Ng3 Be6 15. Bxe6
fxe6 16. c3 Nc6 17. Bd2 Qd7 18. Qe2 Ra8 19. Nh2 Kh7 20. Ng4 Nxg4 21. Qxg4 Bf6
22. Nh5 Qf7 23. Nxf6+ Qxf6 24. Be3 Qf7 25. h4 Qg6 26. Qe2 Qf7 27. h5 Rfb8 28.
Qg4 Qf6 29. Reb1 Qf7 30. Kh2 Ne7 31. Rxa8 Rxa8 32. b4 cxb4 33. Rxb4 Ng8 34. Rxb5
Nf6 35. Qf3 Qxh5+ 36. Qxh5 Nxh5 37. Rb6 Rd8 38. c4 Nf6 39. Kg3 Kg6 40. Bd2 Rd7
41. Kf3 Kf7 42. Bb4 Ne8 43. Ke3 g5 44. g4 Kg6 45. f3 Kf7 46. c5 dxc5 47. Bxc5
Rc7 48. Rb5 Rd7 49. Ba3 Nf6 50. Bb2 Ra7 51. Bxe5 Nd7 52. Bd4 Rc7 53. Ra5 Nf8 54.
Be5 Rb7 55. Rc5 Ng6 56. Bc3 Rd7 57. Ba5 Nf4 58. Rc7 Rxc7 59. Bxc7 Ng6 60. d4 Kf6
61. d5 exd5 62. exd5 Nh8 63. Ba5 Nf7 64. Bc3+ Kg6 65. Ke4 h5 66. gxh5+ Kxh5 67.
Kf5 Nd6+ 68. Ke6 Nb5 69. d6 Nxd6 70. Kxd6 g4 71. f4 g3 72. Ke5 1-0

[Event "SpeedChess Final 2025"]
[Site "London ENG"]
[Date "2026.02.07"]
[Round "1.11"]
[White "Firouzja, Alireza"]
[Black "Nakamura, Hikaru"]
[Result "1-0"]
[WhiteTitle "GM"]
[BlackTitle "GM"]
[WhiteElo "2759"]
[BlackElo "2810"]
[WhiteFideId "12573981"]
[BlackFideId "2016192"]
[EventDate "2026.02.07"]
[EventType "k.o."]

1. d4 d5 2. c4 dxc4 3. e4 c5 4. d5 Nf6 5. Nc3 b5 6. Nxb5 Nxe4 7. Bxc4 a6 8. Nc3
Nd6 9. Nf3 g6 10. O-O Bg7 11. Re1 O-O 12. Bf1 Bg4 13. Bg5 Re8 14. h3 Bxf3 15.
Qxf3 Nd7 16. Rad1 Ne5 17. Qg3 Nf5 18. Qh2 Nd4 19. Kh1 Qa5 20. Bd2 Nd7 21. b3 Nc2
22. Na4 Qd8 23. Re4 Nd4 24. Bc4 Nf6 25. Ree1 Nc2 26. Rf1 Ne4 27. Qf4 Nxd2 28.
Rxd2 Nd4 29. Nxc5 Qb6 30. Na4 Qa7 31. Qe3 Nf5 32. Qxa7 Rxa7 33. g3 Rc8 34. Kg2
h5 35. h4 a5 36. Re1 Nd6 37. Bd3 Rac7 38. Rde2 Bf6 39. Nb6 Rd8 40. Nc4 Nb7 41.
Be4 a4 42. Bf3 axb3 43. axb3 Nc5 44. d6 exd6 45. Nb6 Be5 46. Nd5 Ra7 47. b4 Ne6
48. b5 Kg7 49. b6 Ra5 50. Rb1 Nd4 51. Rd2 Rb8 52. Rd3 Rc5 53. b7 Ra5 54. Ne3 Ra7
55. Bd5 Ra5 56. Rc3 Rc5 57. Ra3 1-0

[Event "SpeedChess Final 2025"]
[Site "London ENG"]
[Date "2026.02.07"]
[Round "1.12"]
[White "Lazavik, Denis"]
[Black "Carlsen, Magnus"]
[Result "1/2-1/2"]
[WhiteTitle "GM"]
[BlackTitle "GM"]
[WhiteElo "2605"]
[BlackElo "2840"]
[WhiteFideId "13515110"]
[BlackFideId "1503014"]
[EventDate "2026.02.07"]
[EventType "k.o."]

1. c4 c5 2. Nf3 Nf6 3. Nc3 Nc6 4. g3 e6 5. Bg2 d5 6. cxd5 exd5 7. d4 cxd4 8.
Nxd4 Bc5 9. Nb3 Bb6 10. Na4 O-O 11. Nxb6 axb6 12. Be3 Re8 13. O-O h5 14. Bg5 Bf5
15. e3 Bg6 16. a3 Qd6 17. Rc1 Ne4 18. Bf4 Qf6 19. Nd4 Rac8 20. h4 Nc5 21. Rc3
Nxd4 22. exd4 Ne6 23. Be5 Qf5 24. Re1 Rcd8 25. Bc7 Nxc7 26. Rxc7 Rxe1+ 27. Qxe1
Qd3 28. Qe3 Qb1+ 29. Kh2 Qxb2 30. Rxb7 Kh7 31. a4 Qb4 32. Qe5 Qxa4 33. Rxb6 Qc2
34. Qf4 Qf5 35. Qxf5 Bxf5 36. Bf3 g6 37. Kg2 Be4 38. Rf6 Kg7 39. Rb6 f5 40. Rb7+
Kf6 41. Rb6+ Kf7 42. Rb7+ Ke6 43. Rb6+ Rd6 44. Rb8 Ra6 45. Bxe4 fxe4 46. Rg8 Ke7
47. Rg7+ Kf6 48. Rd7 Ke6 49. Rg7 Kf6 50. Rd7 Ke6 51. Rg7 Kf6 1/2-1/2

[Event "SpeedChess Final 2025"]
[Site "London ENG"]
[Date "2026.02.07"]
[Round "1.12"]
[White "Nakamura, Hikaru"]
[Black "Firouzja, Alireza"]
[Result "0-1"]
[WhiteTitle "GM"]
[BlackTitle "GM"]
[WhiteElo "2810"]
[BlackElo "2759"]
[WhiteFideId "2016192"]
[BlackFideId "12573981"]
[EventDate "2026.02.07"]
[EventType "k.o."]

1. d4 Nf6 2. c4 e6 3. Nf3 d5 4. g3 dxc4 5. Bg2 c5 6. O-O Nc6 7. dxc5 Qxd1 8.
Rxd1 Bxc5 9. Nbd2 c3 10. bxc3 O-O 11. Nb3 Be7 12. Nfd4 Nxd4 13. cxd4 Nd5 14. Bd2
f5 15. Na5 b6 16. Nc6 Bf6 17. Rdc1 Bb7 18. Ne5 Rac8 19. Nd7 Bxd4 20. Nxf8 Bxa1
21. Nxe6 Rxc1+ 22. Bxc1 Nc3 23. Bxb7 Nxe2+ 24. Kf1 Nxc1 25. Bd5 Kh8 26. Nc7 Nd3
27. Nb5 a6 28. Nc7 a5 29. Bc4 Nc5 30. Nd5 Bd4 31. Ke2 Ne4 32. Bd3 Nxf2 33. Bxf5
g6 34. Bd7 Bc5 35. Nc3 Kg7 36. a4 Kf6 37. Nd5+ Ke5 38. Nc3 g5 39. Bc8 Bd4 40.
Bd7 h5 41. Nb5 Ne4 42. Be8 Nf6 43. Bf7 Bg1 44. h3 g4 45. hxg4 hxg4 46. Na3 Ne4
47. Nc4+ Kf6 48. Be8 Nxg3+ 49. Ke1 Bc5 50. Bd7 Nf5 51. Kf1 Kg5 52. Ne5 Ne3+ 53.
Ke2 g3 54. Nf3+ Kf4 55. Ne1 g2 0-1

[Event "SpeedChess Final 2025"]
[Site "London ENG"]
[Date "2026.02.07"]
[Round "1.13"]
[White "Carlsen, Magnus"]
[Black "Lazavik, Denis"]
[Result "1-0"]
[WhiteTitle "GM"]
[BlackTitle "GM"]
[WhiteElo "2840"]
[BlackElo "2605"]
[WhiteFideId "1503014"]
[BlackFideId "13515110"]
[EventDate "2026.02.07"]
[EventType "k.o."]

1. c4 e6 2. g3 d5 3. Bg2 Nf6 4. Nf3 dxc4 5. Qa4+ Nbd7 6. Qxc4 a6 7. Qc2 c5 8. a4
b6 9. O-O Bb7 10. d3 Be7 11. e4 O-O 12. Bf4 Rc8 13. Na3 Nb8 14. Ne5 Nc6 15. Nxc6
Bxc6 16. Nc4 Nd7 17. Rfd1 Bf6 18. Nd6 Rc7 19. Nc4 Rc8 20. Bd6 Re8 21. e5 Bxg2
22. Kxg2 Be7 23. Qe2 b5 24. axb5 axb5 25. Bxe7 Rxe7 26. Nd6 Rb8 27. d4 c4 28.
Ra7 Nb6 29. Rxe7 Qxe7 30. Nxb5 Qb7+ 31. Qf3 Qxf3+ 32. Kxf3 Nd5 33. Nd6 Rb3+ 34.
Kg2 Rxb2 35. Nxc4 Rb4 36. Rc1 g5 37. Kf3 Kg7 38. Ke4 Kg6 39. Ne3 Nb6 40. Rc6 Kg7
41. f4 gxf4 42. gxf4 Rb5 43. f5 1-0

[Event "SpeedChess Final 2025"]
[Site "London ENG"]
[Date "2026.02.07"]
[Round "1.13"]
[White "Firouzja, Alireza"]
[Black "Nakamura, Hikaru"]
[Result "1-0"]
[WhiteTitle "GM"]
[BlackTitle "GM"]
[WhiteElo "2759"]
[BlackElo "2810"]
[WhiteFideId "12573981"]
[BlackFideId "2016192"]
[EventDate "2026.02.07"]
[EventType "k.o."]

1. d4 d5 2. c4 dxc4 3. e4 c5 4. d5 Nf6 5. Nc3 b5 6. Nxb5 Nxe4 7. Bxc4 a6 8. Nc3
Nd6 9. Nf3 g6 10. O-O Bg7 11. Re1 O-O 12. Bf1 Bg4 13. h3 Bxf3 14. Qxf3 Nd7 15.
Bf4 Nf5 16. Rac1 Nb6 17. Be5 Bxe5 18. Rxe5 Qd6 19. Rce1 Ra7 20. Bd3 Nd4 21. Qg3
Qd8 22. h4 f6 23. R5e3 Kh8 24. h5 gxh5 25. Qh3 f5 26. Qxh5 Rf6 27. Qh4 Qf8 28.
b4 cxb4 29. Qxd4 bxc3 30. d6 1-0

[Event "SpeedChess Final 2025"]
[Site "London ENG"]
[Date "2026.02.07"]
[Round "1.14"]
[White "Lazavik, Denis"]
[Black "Carlsen, Magnus"]
[Result "1-0"]
[WhiteTitle "GM"]
[BlackTitle "GM"]
[WhiteElo "2605"]
[BlackElo "2840"]
[WhiteFideId "13515110"]
[BlackFideId "1503014"]
[EventDate "2026.02.07"]
[EventType "k.o."]

1. d4 e6 2. c4 c5 3. d5 exd5 4. cxd5 d6 5. Nc3 g6 6. e4 Bg7 7. h3 a6 8. a4 Nf6
9. Nf3 O-O 10. Bd3 Nbd7 11. O-O Nh5 12. Bg5 Bf6 13. Be3 Re8 14. Be2 b6 15. Nh2
Ng7 16. Ng4 Bxc3 17. bxc3 Rxe4 18. Bd3 Re8 19. Qd2 f6 20. Rfe1 Ne5 21. Nh6+ Kf8
22. Bf1 Ra7 23. c4 Bxh3 24. a5 bxa5 25. Rxa5 Bc8 26. Rxc5 dxc5 27. Bxc5+ Rae7
28. Rxe5 fxe5 29. Qg5 Nh5 30. Qxe5 1-0

[Event "SpeedChess Final 2025"]
[Site "London ENG"]
[Date "2026.02.07"]
[Round "1.14"]
[White "Nakamura, Hikaru"]
[Black "Firouzja, Alireza"]
[Result "0-1"]
[WhiteTitle "GM"]
[BlackTitle "GM"]
[WhiteElo "2810"]
[BlackElo "2759"]
[WhiteFideId "2016192"]
[BlackFideId "12573981"]
[EventDate "2026.02.07"]
[EventType "k.o."]

1. e4 e5 2. Nf3 Nc6 3. Bb5 Nf6 4. d3 Bc5 5. Bxc6 dxc6 6. Be3 Bd6 7. Nbd2 Be6 8.
h3 h6 9. Qe2 Qe7 10. a3 Nd7 11. Nc4 Bxc4 12. dxc4 Bc5 13. Bd2 a5 14. O-O O-O 15.
Rad1 a4 16. Bc3 Bd6 17. g3 Qe6 18. Kg2 Rfd8 19. Rd2 Nb6 20. c5 Bxc5 21. Rxd8+
Rxd8 22. Bxe5 Nc4 23. Bc3 b5 24. Nh4 Be7 25. Nf5 Bf6 26. Bxf6 Qxf6 27. b3 Nxa3
28. bxa4 bxa4 29. Qa6 Nxc2 30. Qxa4 Nd4 31. Nxd4 Rxd4 32. Qc2 Qe6 33. Re1 Rc4
34. Qd3 c5 35. Re3 Rd4 36. Qb5 Rxe4 37. Rf3 Qd5 38. Qb8+ Kh7 39. Qxc7 f6 40. Qa5
Rd4 41. Qc3 c4 42. Kg1 Rd1+ 43. Kh2 Rd3 44. Rxd3 cxd3 45. Qd2 Qf3 46. Kg1 Qe2
47. Qa5 d2 48. Qf5+ Kg8 49. Qc8+ Kf7 0-1

[Event "SpeedChess Final 2025"]
[Site "London ENG"]
[Date "2026.02.07"]
[Round "1.15"]
[White "Carlsen, Magnus"]
[Black "Lazavik, Denis"]
[Result "1-0"]
[WhiteTitle "GM"]
[BlackTitle "GM"]
[WhiteElo "2840"]
[BlackElo "2605"]
[WhiteFideId "1503014"]
[BlackFideId "13515110"]
[EventDate "2026.02.07"]
[EventType "k.o."]

1. d4 Nf6 2. Bf4 b6 3. e3 Bb7 4. Nf3 Nh5 5. Bg5 h6 6. Bh4 g5 7. Nfd2 Nf4 8. exf4
gxh4 9. Qh5 e6 10. Nc3 Qf6 11. d5 Qxf4 12. O-O-O Bg7 13. Bc4 O-O 14. g3 Qg5 15.
Qxg5 hxg5 16. gxh4 g4 17. Rdg1 Kh8 18. Rxg4 Na6 19. Rg5 Bh6 20. Rh5 Kh7 21. Rg1
Rg8 22. Rgg5 Rg6 23. Nf3 Kg7 24. Ne5 Bxg5+ 25. hxg5 Nc5 26. f4 exd5 27. Nxd5
Bxd5 28. Bxd5 c6 29. Bxf7 Rd6 30. f5 Ne4 31. Bg6 Nxg5 32. Rxg5 Kf6 33. Nf3 Rh8
34. Rg3 Rd5 35. h4 1-0

[Event "SpeedChess Final 2025"]
[Site "London ENG"]
[Date "2026.02.07"]
[Round "1.15"]
[White "Firouzja, Alireza"]
[Black "Nakamura, Hikaru"]
[Result "0-1"]
[WhiteTitle "GM"]
[BlackTitle "GM"]
[WhiteElo "2759"]
[BlackElo "2810"]
[WhiteFideId "12573981"]
[BlackFideId "2016192"]
[EventDate "2026.02.07"]
[EventType "k.o."]

1. d4 d5 2. c4 dxc4 3. e4 c5 4. d5 Nf6 5. Nc3 b5 6. e5 b4 7. exf6 bxc3 8. bxc3
exf6 9. Bxc4 Bd6 10. Qe2+ Qe7 11. Qxe7+ Kxe7 12. Ne2 Nd7 13. Ng3 Nb6 14. Be2 Be5
15. O-O Nxd5 16. Ba3 Rd8 17. Bf3 Ba6 18. Nf5+ Ke8 19. Rfe1 g6 20. Rad1 Bc4 21.
Nh6 Kf8 22. Bxc5+ Kg7 23. Ng4 Bxc3 24. Re4 Bxa2 25. Ne3 Rac8 26. Bxa7 Bb3 27.
Rf1 f5 28. Rh4 Bf6 29. Rh3 Nf4 30. Rg3 Be6 31. Bb6 Rd6 32. Ba5 Bh4 33. Bb4 Rd7
34. Ba3 Bxg3 35. hxg3 Nd3 36. Be2 h5 37. Rd1 Rcd8 38. Rb1 f4 39. gxf4 Nxf4 40.
Bf1 Nd5 41. Nc4 Kg8 42. Ne5 Rc7 43. Ra1 Ra8 44. f3 Rca7 45. Nc4 Ne3 46. Nxe3
Rxa3 47. Re1 Ra1 0-1

[Event "SpeedChess Final 2025"]
[Site "London ENG"]
[Date "2026.02.07"]
[Round "1.16"]
[White "Lazavik, Denis"]
[Black "Carlsen, Magnus"]
[Result "1-0"]
[WhiteTitle "GM"]
[BlackTitle "GM"]
[WhiteElo "2605"]
[BlackElo "2840"]
[WhiteFideId "13515110"]
[BlackFideId "1503014"]
[EventDate "2026.02.07"]
[EventType "k.o."]

1. d4 Nf6 2. c4 g6 3. Nc3 Bg7 4. e4 d6 5. Be2 O-O 6. Nf3 e5 7. O-O exd4 8. Nxd4
Re8 9. f3 c6 10. Bg5 Qb6 11. Kh1 Qxb2 12. Na4 Qa3 13. Bc1 Qb4 14. Bd2 Qa3 15.
Rb1 d5 16. cxd5 Nxd5 17. Bc1 Qxa2 18. Rb2 Qa1 19. exd5 cxd5 20. Bb5 Bd7 21. Nc2
Qxb2 22. Bxb2 Bxb5 23. Bxg7 Kxg7 24. Nc3 Bxf1 25. Qxf1 Nc6 26. Nxd5 Rad8 27.
Qa1+ Re5 28. f4 Rxd5 29. fxe5 Rxe5 30. Ne3 f6 31. Ng4 Re6 32. h3 h5 33. Nf2 a5
34. Nd3 Rd6 35. Nf4 b6 36. Qa3 Nb4 37. Qe3 Kf7 38. Qe4 Nc6 39. Qxg6+ Ke7 40.
Qxh5 Kd7 41. Qf7+ 1-0

[Event "SpeedChess Final 2025"]
[Site "London ENG"]
[Date "2026.02.07"]
[Round "1.16"]
[White "Nakamura, Hikaru"]
[Black "Firouzja, Alireza"]
[Result "1-0"]
[WhiteTitle "GM"]
[BlackTitle "GM"]
[WhiteElo "2810"]
[BlackElo "2759"]
[WhiteFideId "2016192"]
[BlackFideId "12573981"]
[EventDate "2026.02.07"]
[EventType "k.o."]

1. e4 e5 2. Nf3 Nc6 3. Bb5 Nf6 4. d3 Bc5 5. Be3 Bxe3 6. fxe3 Ne7 7. Ba4 c6 8.
Bb3 Ng6 9. O-O O-O 10. Nbd2 d5 11. Qe1 h6 12. exd5 cxd5 13. e4 Be6 14. Kh1 Re8
15. Qg3 Rc8 16. c3 dxe4 17. dxe4 Qd3 18. Qe1 Ng4 19. Qg3 Ne3 20. Rf2 Nc4 21.
Nxc4 Bxc4 22. Nd2 Qxg3 23. hxg3 Bxb3 24. axb3 a6 25. b4 Nf8 26. Nb3 Ne6 27. Rd1
Rc7 28. Rfd2 f6 29. Rd7 Re7 30. Rxe7 Rxe7 31. Nc5 Kf7 32. Kg1 Ke8 33. Rd6 Nxc5
34. bxc5 Rd7 35. Rb6 Rc7 36. b4 Kd7 37. Kf2 Kc8 38. Re6 Kd7 39. Rd6+ Kc8 40. Ke3
Rd7 41. Re6 Kc7 42. g4 Rd1 43. Re7+ Rd7 44. Re8 Rd8 45. Re6 Rd1 46. Ke2 Rd8 47.
Re7+ Rd7 48. Re8 Rd8 49. Rxd8 Kxd8 50. Kd3 Kd7 51. Kc4 Kc6 52. Kb3 g6 53. Ka4 h5
54. gxh5 gxh5 55. g3 Kc7 56. Kb3 Kd7 57. Kc2 Ke6 58. c4 Kd7 59. b5 a5 60. Kb3
Kc7 61. Ka4 f5 62. exf5 e4 63. f6 e3 64. f7 e2 65. b6+ Kd7 66. f8=Q e1=Q 67.
Qf7+ Kd8 68. Qd5+ Ke8 69. Qg8+ Ke7 70. Qh7+ Kf6 71. Qh6+ Ke7 72. Qg5+ Ke6 73.
Qd5+ Kf6 74. Qd6+ Kf5 75. c6 Qa1+ 76. Kb5 Qb2+ 77. Kxa5 Qa2+ 78. Kb5 Qb2+ 79.
Qb4 bxc6+ 80. Kc5 Qf6 81. Qe1 Qf8+ 82. Kxc6 Qc8+ 83. Kb5 Qd7+ 84. Ka5 Qc6 85.
Qf2+ Kg4 86. Qd4+ Kh3 87. Qd5 Qg6 88. b7 Qb1 89. Qxh5+ Kg2 90. Qd5+ Kh2 91. g4
Kg1 92. Qc5+ Kh1 93. Qb5 Qa1+ 94. Kb6 Qd4+ 95. Qc5 Qb2+ 96. Kc7 Qh2+ 97. Kc6 Qb8
98. Qd6 Qe8+ 99. Qd7 1-0

[Event "SpeedChess Final 2025"]
[Site "London ENG"]
[Date "2026.02.07"]
[Round "1.17"]
[White "Carlsen, Magnus"]
[Black "Lazavik, Denis"]
[Result "1-0"]
[WhiteTitle "GM"]
[BlackTitle "GM"]
[WhiteElo "2840"]
[BlackElo "2605"]
[WhiteFideId "1503014"]
[BlackFideId "13515110"]
[EventDate "2026.02.07"]
[EventType "k.o."]

1. e4 c5 2. Nc3 Nc6 3. f4 g6 4. Nf3 Bg7 5. a3 d6 6. Bc4 e6 7. O-O Nge7 8. d3 O-O
9. Qe1 Nd4 10. Qf2 b6 11. Ba2 Bb7 12. Nxd4 Bxd4 13. Be3 Bg7 14. d4 d5 15. Rad1
dxe4 16. dxc5 Qb8 17. cxb6 axb6 18. Bxb6 Nf5 19. Rfe1 e3 20. Bxe3 Bxc3 21. bxc3
Nxe3 22. Qxe3 Rxa3 23. Bb3 Qc7 24. Rd4 Bd5 25. c4 Bc6 26. Red1 Ra5 27. Rd6 Ba8
28. h3 h5 29. R1d2 Rf5 30. Qd4 Qc5 31. g4 Qxd4+ 32. R2xd4 Rc5 33. Kf2 Kg7 34.
Rd8 Bc6 35. Rxf8 Kxf8 36. Ke3 hxg4 37. hxg4 Ke7 38. Rd1 g5 39. Kd4 Kd6 40. Kc3+
Kc7 41. Kb4 Kb6 42. Rd8 Bb7 43. Rd7 Bc6 44. Rxf7 gxf4 45. Rxf4 Rg5 46. c3 Bd7
47. Bd1 Kc7 48. c5 e5 49. Rf7 Kd8 50. c4 e4 51. Rf4 e3 52. Re4 Kc7 53. Rxe3 Kd8
54. Re4 Bc6 55. Rf4 Bd7 56. Rd4 Kc7 57. Rd5 Rg7 58. g5 Re7 59. Bc2 Re1 60. Rd6
Rg1 61. g6 Rg3 62. Be4 Rg4 63. Bd5 Rg3 64. Rf6 Be8 65. Rf7+ Kd8 66. c6 Rg1 67.
c7+ 1-0

[Event "SpeedChess Final 2025"]
[Site "London ENG"]
[Date "2026.02.07"]
[Round "1.17"]
[White "Firouzja, Alireza"]
[Black "Nakamura, Hikaru"]
[Result "0-1"]
[WhiteTitle "GM"]
[BlackTitle "GM"]
[WhiteElo "2759"]
[BlackElo "2810"]
[WhiteFideId "12573981"]
[BlackFideId "2016192"]
[EventDate "2026.02.07"]
[EventType "k.o."]

1. d4 d5 2. c4 dxc4 3. e4 c5 4. d5 Nf6 5. Nc3 b5 6. Nf3 b4 7. Na4 Nxe4 8. Bxc4
Nd6 9. Bd3 c4 10. Be2 g6 11. Qd4 Rg8 12. Bf4 Nd7 13. O-O Bg7 14. Qd2 Qa5 15.
Rfe1 Kf8 16. b3 c3 17. Qc1 Nf6 18. a3 Nxd5 19. axb4 Qxb4 20. Be5 Bb7 21. Bf1
Bxe5 22. Nxe5 Kg7 23. Nd3 Qd4 24. Nac5 Bc6 25. Rd1 Rgd8 26. Ra6 Bb5 27. Ra1 Qf6
28. b4 a6 29. Re1 Rac8 30. Ra3 Nxb4 31. Ne6+ fxe6 32. Nxb4 Bxf1 33. Rxf1 Ne4 34.
Rxa6 Rd2 35. Qe1 Qd4 36. Nc6 Qc4 37. Nxe7 Rc7 38. Ra8 Rxe7 39. Qe3 Qd4 40. Qf4
Rf7 0-1

[Event "SpeedChess Final 2025"]
[Site "London ENG"]
[Date "2026.02.07"]
[Round "1.18"]
[White "Lazavik, Denis"]
[Black "Carlsen, Magnus"]
[Result "1/2-1/2"]
[WhiteTitle "GM"]
[BlackTitle "GM"]
[WhiteElo "2605"]
[BlackElo "2840"]
[WhiteFideId "13515110"]
[BlackFideId "1503014"]
[EventDate "2026.02.07"]
[EventType "k.o."]

1. d4 d5 2. c4 e6 3. Nc3 Be7 4. cxd5 exd5 5. Bf4 Nf6 6. e3 O-O 7. Bd3 c5 8. Nge2
Nc6 9. O-O cxd4 10. exd4 Bd6 11. Qd2 Re8 12. Ng3 Bxf4 13. Qxf4 Be6 14. Rad1 Qb8
15. Nge2 Qxf4 16. Nxf4 Rad8 17. h4 h6 18. f3 g5 19. hxg5 hxg5 20. Nfe2 Kg7 21.
Kf2 Rh8 22. Rh1 Rxh1 23. Rxh1 Rh8 24. Rxh8 Kxh8 25. a3 Kg7 26. Ke3 Ne8 27. f4 f6
28. f5 Bf7 29. g4 Nd6 30. b3 Kf8 31. Nc1 Ke7 32. Be2 Ne8 33. Bf3 Nc7 34. N1e2
Kd6 35. Kd3 Ne7 36. Ng3 Be8 37. Kd2 Nb5 38. Nxb5+ Bxb5 39. Be2 Be8 40. Bd3 a5
41. Kc3 b6 42. Nf1 b5 43. b4 a4 44. Ne3 Nc8 45. Be2 Bc6 46. Bd3 Kd7 47. Kd2 Nd6
48. Kc3 Ke7 49. Kd2 Nc4+ 50. Bxc4 dxc4 51. Kc3 Bf3 52. Kd2 Kd6 53. Kc3 Kc6 54.
Kd2 Kd6 55. Kc3 Kc6 56. Kd2 Kd6 1/2-1/2

[Event "SpeedChess Final 2025"]
[Site "London ENG"]
[Date "2026.02.07"]
[Round "1.18"]
[White "Nakamura, Hikaru"]
[Black "Firouzja, Alireza"]
[Result "1-0"]
[WhiteTitle "GM"]
[BlackTitle "GM"]
[WhiteElo "2810"]
[BlackElo "2759"]
[WhiteFideId "2016192"]
[BlackFideId "12573981"]
[EventDate "2026.02.07"]
[EventType "k.o."]

1. d4 Nf6 2. c4 e6 3. Nf3 d5 4. g3 h6 5. Bg2 Bd6 6. Qc2 O-O 7. O-O Nc6 8. Nbd2
a5 9. b3 a4 10. Bb2 a3 11. Bc3 Nb4 12. Qb1 b6 13. e4 dxe4 14. Nxe4 Nxe4 15. Qxe4
Rb8 16. Rfd1 Bb7 17. Qg4 f5 18. Qh5 Qe8 19. Qxe8 Rfxe8 20. Ne1 Bxg2 21. Kxg2
Rbd8 22. Rd2 Bf8 23. Rad1 Nc6 24. Nc2 b5 25. d5 exd5 26. cxd5 Na7 27. Bb4 Bxb4
28. Nxb4 Rd6 29. Nc2 Red8 30. Nxa3 c6 31. Nc2 Rxd5 32. Rxd5 Rxd5 33. Rxd5 cxd5
34. Ne3 d4 35. Nxf5 Nc6 36. Kf3 d3 37. Ke3 Nb4 1-0

[Event "SpeedChess Final 2025"]
[Site "London ENG"]
[Date "2026.02.07"]
[Round "1.19"]
[White "Carlsen, Magnus"]
[Black "Lazavik, Denis"]
[Result "1/2-1/2"]
[WhiteTitle "GM"]
[BlackTitle "GM"]
[WhiteElo "2840"]
[BlackElo "2605"]
[WhiteFideId "1503014"]
[BlackFideId "13515110"]
[EventDate "2026.02.07"]
[EventType "k.o."]

1. e4 c5 2. Nf3 g6 3. d4 cxd4 4. Qxd4 Nf6 5. Be2 Nc6 6. Qe3 Bg7 7. Nc3 O-O 8.
O-O d6 9. h3 b6 10. Rd1 Nd7 11. Nd5 Bb7 12. c4 Nc5 13. Rb1 e6 14. Nc3 Qe7 15. b4
Nd7 16. Nb5 Nce5 17. Nxd6 Nxf3+ 18. Bxf3 Ne5 19. Be2 Rad8 20. c5 bxc5 21. bxc5
Bc6 22. f4 Nd7 23. e5 f6 24. exf6 Nxf6 25. Bc4 Kh8 26. Qxe6 Qc7 27. Bb2 Rd7 28.
Be5 Qa5 29. Nf7+ Rdxf7 30. Qxc6 Re7 31. Qd6 Ree8 32. c6 Ne4 33. Bxg7+ Kxg7 34.
Qd4+ Kh6 35. Rbc1 Rxf4 36. Qe3 Qg5 37. Re1 Nf6 38. Be6 Nd5 39. Qe5 Qxe5 40. Rxe5
Nc7 41. Rce1 Rxe6 42. Rxe6 Nxe6 43. Rxe6 Rc4 44. Kf2 Kg5 45. Ke3 Kf5 46. Kd3 Rc1
47. Re7 Rxc6 48. Rxa7 h5 49. a4 Kf4 50. Rb7 Kg3 51. Rb2 g5 52. Ra2 Ra6 53. a5 g4
54. hxg4 hxg4 55. Ke4 Kh2 56. Kf5 g3 57. Kg4 Rg6+ 58. Kf5 Ra6 59. Kg5 Kg1 60.
Kf4 Kh2 61. Ke3 Re6+ 62. Kd4 Ra6 63. Kc4 Rxa5 64. Rxa5 Kxg2 65. Kd3 Kf3 66. Rf5+
Kg4 67. Rf8 g2 68. Ke2 g1=N+ 69. Ke3 Nh3 70. Rg8+ Kf5 71. Rg3 Ng5 72. Rg1 Ne6
73. Rf1+ Ke5 74. Re1 Ng7 75. Ra1 Nf5+ 76. Kd3 Nd6 77. Ra5+ Ke6 78. Kd4 Nf5+ 79.
Kc5 Ke5 80. Ra6 Ng3 81. Ra8 Ne4+ 82. Kc4 Nd6+ 83. Kd3 Kd5 84. Ra5+ Kc6 85. Rh5
Nb5 86. Kc4 Nd6+ 87. Kd4 Nb5+ 88. Ke5 Kc5 89. Rh1 Kc4 90. Rc1+ Nc3 91. Kf4 Kd3
92. Rh1 Ne2+ 93. Kf3 Nc3 94. Kf2 Ne4+ 95. Kf3 Nd2+ 96. Kf4 Nc4 97. Rh3+ Kd4 98.
Rh8 Nb6 99. Rd8+ Nd5+ 100. Kf5 Kc4 101. Ke5 Nb4 102. Rd4+ Kc3 103. Ke4 Nc2 104.
Rd3+ Kc4 105. Rh3 Nb4 106. Rh2 Kc5 107. Rh1 Nc6 108. Rc1+ Kd6 109. Rc2 Ne7 110.
Rd2+ Ke6 111. Rd1 Nc6 112. Rh1 Kd6 113. Rh5 Ne7 114. Rh6+ Kc5 115. Rh5+ Kd6 116.
Rg5 Nc6 117. Rd5+ Ke6 118. Rd2 Ne7 1/2-1/2